Ngữ pháp tiếng pháp thực hành (Động từ) = Verbes

Salvato in:
Dettagli Bibliografici
Autore principale: Lê Uyên
Natura: Libro
Lingua:Undetermined
Pubblicazione: Tp. HCM Đại học Sư Phạm 2004
Soggetti:
Tags: Aggiungi Tag
Nessun Tag, puoi essere il primo ad aggiungerne! !
Thư viện lưu trữ: Trung tâm Học liệu Trường Đại học Cần Thơ
LEADER 00591nam a2200217Ia 4500
001 CTU_58904
008 210402s9999 xx 000 0 und d
020 |b 33500 
082 |a 445 
082 |b U603 
100 |a Lê Uyên 
245 0 |a Ngữ pháp tiếng pháp thực hành (Động từ) = 
245 0 |b Verbes 
245 0 |c Lê Uyên và Như Hảo 
260 |a Tp. HCM 
260 |b Đại học Sư Phạm 
260 |c 2004 
650 |a french language 
650 |x grammar 
904 |i Minh 
980 |a Trung tâm Học liệu Trường Đại học Cần Thơ